000 00529nam a2200169 i 4500
001 70835
003 ES-MaACL
005 20230906170934.0
007 t|
008 040803s1975 sp ||||1| cat d
100 1 _aGarriga Manich, Juan.
_955743
245 1 0 _aJoan Vila Cinca
_b: noticia sobre l'obra i la vida del pintor /
_cJoan Garriga Manich.
260 _aBarcelona :
_bJuventud,
_c[1975]
300 _a101 p., 29 lám. ;
_c24 cm.
600 1 4 _aVila Cinca, Joan (
_d1856-1938)
_9156062
852 _aES-MaACL
_jA-5628
_bR.94486
999 _c70835
_d70835